Lásky v bílém /

Další autoři: Clemens, Caspar, Forell, Frank, Hořejš, Michal
Jazyk: Čeština
Vydáno: Praha : Baronet, 2001
Vydání: Vyd. 1.
Edice: Bílá krajka
Témata:
Fyzický popis: 250 s. ; 20 cm
Knihy
Uloženo v:
LEADER 01194nam a2200361 a 4500
001 000560928
003 CZ BrMZK
005 20220107173402.0
007 ta
008 010907s2001 xr f cze d
015 |a cnb000996182 
020 |a 80-7214-379-4 
040 |a BOA001  |b cze 
080 |a 821.112.2-31  |2 MRF 
245 0 0 |a Lásky v bílém /  |c [z němčiny přeložil: Michal Hořejš] 
246 3 3 |a Opět se usměješ 
246 3 3 |a Playboy Herbie 
250 |a Vyd. 1. 
260 |a Praha :  |b Baronet,  |c 2001 
300 |a 250 s. ;  |c 20 cm 
490 1 |a Bílá krajka 
500 |a Obsahuje: Forell, Frank: Playboy Herbie; Clemens, Caspar: Opět se usměješ 
655 7 |a německé romány  |7 fd132945  |2 czenas 
655 7 |a milostné romány  |7 fd132840  |2 czenas 
700 1 |a Clemens, Caspar  |7 xx0126117  |4 aut 
700 1 |a Forell, Frank  |7 ola2006340395  |4 aut 
700 1 |a Hořejš, Michal  |7 xx0145533  |4 trl 
765 0 |t So liebt man einen Playboy 
765 0 |t <<Das >>Lächeln kommt immer wieder 
830 0 |a Bílá krajka 
910 |a BOA001  |b 2-1085.340 
990 |a BK 
996 6 |b 2610134704  |c 2-1085.340  |l MZK  |r Sklad / do 1 hodiny  |n 0  |p p.v.  |w 000560928  |u 000010  |a 1  |e BOA001  |j MZK50  |s P